[Event "Bucaramanga Santander-ch"]
[Site "Bucaramanga"]
[Date "2024.03.10"]
[Round "6"]
[White "Martinez Munoz, Daniel Matias"]
[Black "Centeno Oviedo, Leonhard Andrey"]
[Result "0-1"]
[WhiteElo "1400"]
[BlackElo "1600"]
[PlyCount "30"]
[EventDate "2024.03.08"]
[EventType "swiss"]
[EventRounds "7"]
[EventCountry "COL"]
[SourceTitle "CBM 219 Extra"]
[Source "ChessBase"]
[SourceDate "2024.05.31"]
[SourceVersion "1"]
[SourceVersionDate "2024.05.31"]
[SourceQuality "1"]

1. e4 e6 2. Nc3 d5 3. Bb5+ c6 4. Be2 Bb4 5. Bg4 Bxc3 6. dxc3 Nf6 7. exd5 cxd5 8. Bg5 0-0 9. Bxf6 Qxf6 10. Qd4 Qg5 11. f4 Qxg4 12. Nf3 Nc6 13. Ne5 Nxd4 14. Nxg4 Nxc2+ 15. Kd1 Nxa1 0-1

[Event "Bucaramanga Santander-ch"]
[Site "Bucaramanga"]
[Date "2024.03.09"]
[Round "3"]
[White "Centeno Oviedo, Leonhard Andrey"]
[Black "Pava Carvajal, Hugo Alberto"]
[Result "1/2-1/2"]
[WhiteElo "1600"]
[BlackElo "1719"]
[PlyCount "41"]
[EventDate "2024.03.08"]
[EventType "swiss"]
[EventRounds "7"]
[EventCountry "COL"]
[SourceTitle "CBM 219 Extra"]
[Source "ChessBase"]
[SourceDate "2024.05.31"]
[SourceVersion "1"]
[SourceVersionDate "2024.05.31"]
[SourceQuality "1"]

1. d4 Nf6 2. Nf3 d5 3. e3 Bf5 4. c4 e6 5. Nc3 c5 6. cxd5 exd5 7. dxc5 Bxc5 8. Bd3 Bg6 9. 0-0 0-0 10. Ne5 Nc6 11. Nxg6 hxg6 12. a3 Ne5 13. b4 Nxd3 14. Qxd3 Bb6 15. Rd1 Qe7 16. Bb2 Rfd8 17. Ne2 Rac8 18. Rac1 Qe4 19. Rxc8 Rxc8 20. Qxe4 dxe4 21. Rc1 1/2-1/2

[Event "Bucaramanga Santander-ch"]
[Site "Bucaramanga"]
[Date "2024.03.08"]
[Round "2"]
[White "Moreno Vega, Jose Miguel"]
[Black "Centeno Oviedo, Leonhard Andrey"]
[Result "0-1"]
[WhiteElo "1884"]
[BlackElo "1600"]
[PlyCount "70"]
[EventDate "2024.03.08"]
[EventType "swiss"]
[EventRounds "7"]
[EventCountry "COL"]
[SourceTitle "CBM 219 Extra"]
[Source "ChessBase"]
[SourceDate "2024.05.31"]
[SourceVersion "1"]
[SourceVersionDate "2024.05.31"]
[SourceQuality "1"]

1. d4 Nf6 2. c4 d5 3. Nc3 e6 4. Bg5 c6 5. f3 h6 6. Bh4 Be7 7. e4 dxc4 8. Bxc4 0-0 9. Nge2 Nbd7 10. 0-0 Re8 11. f4 Nb6 12. Bb3 c5 13. d5 c4 14. Bxf6 Bxf6 15. e5 cxb3 16. dxe6 Qxd1 17. exf7+ Kxf7 18. Raxd1 bxa2 19. exf6 gxf6 20. Ng3 Be6 21. Ra1 Rac8 22. h3 a6 23. Rf2 Rg8 24. Kh2 Rc5 25. Nxa2 Ra5 26. b4 Ra3 27. Ne4 Bd5 28. Nec3 Bc6 29. Rb1 Nc4 30. b5 axb5 31. Nxb5 Rag3 32. Nd4 Rxg2+ 33. Rxg2 Rxg2+ 34. Kh1 Rxa2+ 35. Nxc6 bxc6 0-1